Význam vizitiek v komerčnej praxi

Pojem vizitky (business cards). História vzniku vizitiek. Náležitosti vizitiek a ich odovzdávanie. Špecifiká pri výmene a využívaní vizitiek.

Guardado en:
Detalles Bibliográficos
Autor principal: Littvová, Zuzana
Formato: Capítulo de libro
Lenguaje:eslovaco
Materias:
Etiquetas: Agregar Etiqueta
Sin Etiquetas, Sea el primero en etiquetar este registro!

MARC

LEADER 00000naa$a2200000$$$4500
001 0109475
005 20240502072217.5
041 0 |a slo 
044 |a SK 
245 1 0 |a Význam vizitiek v komerčnej praxi  |c Zuzana Littvová 
520 |a Pojem vizitky (business cards). História vzniku vizitiek. Náležitosti vizitiek a ich odovzdávanie. Špecifiká pri výmene a využívaní vizitiek. 
610 2 0 |a komunikácia firemná 
610 2 0 |a imidž 
610 2 0 |a manažéri 
610 2 0 |a komunikácia sociálna 
610 2 0 |a obchodníci 
610 2 0 |a komunikácia manažérska 
100 1 |a Littvová, Zuzana